Estrategias de innovación para bosque nativo
Furkejuvvon:
| Searvvušdahkkit: | , |
|---|---|
| Materiálatiipa: | Girji |
| Giella: | espánnjágiella |
| Almmustuhtton: |
Santiago
Fundación para la Innovación Agraria
2002
|
| Preanttus: | 1a. ed |
| Ráidu: | Estrategias de Innovación Agraria
|
| Fáttát: | |
| Fáddágilkorat: |
Lasit fáddágilkoriid
Eai fáddágilkorat, Lasit vuosttaš fáddágilkora!
|
MARC
| LEADER | 00000cam a2200000 a 4500 | ||
|---|---|---|---|
| 001 | UCD2213 | ||
| 003 | CL-VaPUC | ||
| 008 | 160414e20020000cl |||||||||||||||||spa|d | ||
| 020 | |a 956787428X | ||
| 082 | 0 | 4 | |a 577.3 |b FUN |2 21 |
| 110 | 2 | |a Fundación para la innovación Agraria |e author |9 585539 | |
| 710 | 2 | |a FIA |e author |9 585540 | |
| 245 | 1 | 0 | |a Estrategias de innovación para bosque nativo |
| 250 | |a 1a. ed | ||
| 300 | |a 46 p | ||
| 942 | |c BK | ||
| 945 | |d 20160414 22:20:00 |a arojas | ||
| 260 | |a Santiago |b Fundación para la Innovación Agraria |c 2002 | ||
| 650 | 7 | |a BOSQUES NATIVOS |2 CL-VaPUC |9 373720 | |
| 650 | 0 | |a Ecología forestal |9 262744 | |
| 650 | 7 | |a INNOVACIONES TECNOLOGICAS |2 CL-VaPUC |9 585541 | |
| 583 | |a last modification |c 20160914 12:30:46 |k Rodrigo Vera | ||
| 490 | 0 | |a Estrategias de Innovación Agraria | |
| 999 | |c 363402 |d 363400 | ||
| 952 | |0 0 |1 0 |3 erb |4 0 |6 577_300000000000000_FUN_2002 |7 0 |8 A |9 475604 |a BIBAGR |b BIBAGR |i 5282217 |o 577.3 FUN 2002 |p 5282217 |r 2025-01-20 |w 2019-11-24 |y BK |z Catalogado en:20160414 |k AGR | ||